| 000 | 00726nam a22002055i 4500 | ||
|---|---|---|---|
| 001 | 53705 | ||
| 003 | ES-MaACL | ||
| 005 | 20250718184449.0 | ||
| 007 | t| | ||
| 008 | 980305s1890 sp ||||1| spa d | ||
| 040 |
_aCAM _bspa _cCAM |
||
| 100 | 1 |
_aFernández Duro, Cesáreo, _d1830-1908 _949752 |
|
| 245 | 1 | 3 |
_aEl Excmo. Señor Don Javier de Salas ... _b: necrología / _cleída en la misma Academia [de la Historia] por Cesáreo Fernández Duro. |
| 260 |
_aMadrid : _b[s.n.], _c1890 ( _fFortanet) |
||
| 300 |
_a16 p., [1] h. de lám. ; _c24 cm. |
||
| 600 | 1 | 4 |
_aSalas, Xavier de. _9101750 |
| 710 | 2 |
_aReal Academia de la Historia (España) _96309 |
|
| 852 |
_aES-MaACL _jT-510-F-3 |
||
| 999 |
_c53705 _d53705 |
||